000 00327nam a2200121Ia 4500
008 250110s9999 xx 000 0 und d
041 _aeng
100 _aPhalke Snehal
_9182587
245 _aHill Resort At Kaas
260 _bFinal Year B. Arch, BNCA
_c2014
300 _a95p
700 _aGuide Name:Kamalapurkar Subhada
_9210262
999 _c363454
_d363454